| 000 | 00633nam a2200241Ia 4500 | ||
|---|---|---|---|
| 003 | OSt | ||
| 005 | 20221005114139.0 | ||
| 006 | a|||||r|||| 00| 0 | ||
| 007 | ta | ||
| 008 | 221004b |||||||| |||| 00| 0 eng d | ||
| 024 | _a53247 | ||
| 037 | _cTextual | ||
| 040 |
_aCRL _cCRL _beng |
||
| 041 |
_2eng _aeng |
||
| 082 | _aO111,3N03,1, 32H5 | ||
| 100 |
_aOrwell George Au. _9579430 |
||
| 245 | 0 | _aAnimal farm | |
| 260 | _c1945 | ||
| 650 | _aENGLISH FICTION | ||
| 700 |
_a Rosie M P Tr. _9625530 |
||
| 942 |
_hO111,3N03,1, 32H5 _cTEXL _2cc |
||
| 999 |
_c1030387 _d1030387 |
||